000 00644nam a2200253Ia 4500
005 20260306145509.0
008 008 260114s9999 xx 000 0 eng d
020 _a9781479810505
037 _aEbook
040 _aCRL
040 _beng
040 _cCRL
041 _2eng
041 _aeng
084 _qCRL
100 _aVesely-Flad, Rima
_91123903
245 0 _aBlack Buddhists and the Black Radical Tradition
260 _bNew York University Press
260 _c2022
650 _aTheology and Religion
_91123750
856 _uhttps://www.degruyter.com/isbn/9781479810505
942 _cEBOOK
999 _c1688743
_d1688743